Top 50 Metallica songs based off Spotify streams - Statistics

General Stats
  • This quiz has been taken 29 times
  • The average score is 29 of 50
Answer Stats
Streams Song % Correct
1.2B Enter Sandman
100%
754.8M Master of Puppets
100%
508.4M One
100%
1.0B Nothing Else Matters
90%
198.7M Seek & Destroy
90%
210.2M Fuel
85%
77.0M Orion
85%
99.7M Ride the Lightning
85%
475.8M The Unforgiven
85%
74.7M ...And Justice for All
80%
105.3M Creeping Death
80%
415.9M For Whom The Bell Tolls
80%
282.8M Fade to Black
75%
308.0M Sad But True
75%
95.9M Blackened
70%
190.4M Wherever I May Roam
70%
144.0M Battery
65%
83.8M St. Anger
65%
91.4M The Four Horsemen
65%
110.1M Welcome Home (Sanitarium)
65%
46.3M Hit the Lights
60%
58.4M Lux Æterna
60%
68.5M Whiplash
60%
393.4M Whiskey In The Jar
60%
73.7M Fight Fire with Fire
55%
147.8M Hardwired
55%
53.1M Disposable Heroes
50%
73.8M Harvester of Sorrow
50%
57.6M Holier Than Thou
50%
125.7M The Day That Never Comes
50%
79.9M The Memory Remains
50%
130.0M The Unforgiven II
50%
72.5M Until it Sleeps
50%
67.9M King Nothing
45%
52.3M The Thing That Should Not Be
45%
52.2M Through the Never
45%
104.4M Moth into Flame
40%
69.6M The Unforgiven III
40%
70.1M All Nightmare Long
35%
72.6M Atlas, Rise
35%
46.0M Eye of the Beholder
35%
57.7M Of Wolf and Man
35%
47.3M The Shortest Straw
35%
137.7M Turn the Page
35%
77.0M Don't Tread on Me
30%
46.1M Mama Said
30%
54.0M Spit out the Bone
30%
63.5M Now that we're dead
20%
45.4M Die, Die my Darling
10%
56.4M I Disappear
10%
No matching quizzes found
Score Distribution
Percent of People with Each Score
Percentile by Number Answered
Your Score History
You have not taken this quiz